Normal view
MARC view
- Civilization, Occidental
Entry Topical Term
001 - CONTROL NUMBER
- control field: 27742
003 - CONTROL NUMBER IDENTIFIER
- control field: OSt
005 - DATE AND TIME OF LATEST TRANSACTION
- control field: 20180508092458.0
008 - FIXED-LENGTH DATA ELEMENTS
- fixed length control field: 180508|| aca||babn | a|a d
040 ## - CATALOGING SOURCE
- Original cataloging agency: OSt
150 ## - HEADING--TOPICAL TERM
- Topical term or geographic name entry element: Civilization, Occidental
- General subdivision: History
